LIBRARY & INFORMATION CENTRE, KCAET, TAVANUR

ONLINE PUBLIC ACCESS CATALOGUE (OPAC)

Pictorial Guide to Engineering workshop practice / (Record no. 752)

MARC details
000 -LEADER
fixed length control field 00422cam a2200157ua 4500
003 - CONTROL NUMBER IDENTIFIER
control field OSt
008 - FIXED-LENGTH DATA ELEMENTS--GENERAL INFORMATION
fixed length control field 250325b |||||||| |||| 00| 0 eng d
041 ## - LANGUAGE CODE
Language code of text/sound track or separate title eng
082 ## - DEWEY DECIMAL CLASSIFICATION NUMBER
Classification number 621.901
Item number GRI/EN
100 ## - MAIN ENTRY--AUTHOR NAME
Personal name Grisbrook, H .
245 ## - TITLE STATEMENT
Title Pictorial Guide to Engineering workshop practice /
260 ## - PUBLICATION, DISTRIBUTION, ETC. (IMPRINT)
Place of publication London :
Name of publisher Routledge & Kegan Paul Ltd ,
Year of publication 1943.
300 ## - PHYSICAL DESCRIPTION
Number of Pages 91 ; .
700 1# - ADDED ENTRY--PERSONAL NAME
Personal name Phillipson, C .
942 ## - ADDED ENTRY ELEMENTS (KOHA)
Koha item type Books
Holdings
Withdrawn status Lost status Damaged status Home library Current library Date acquired Full call number Accession Number Koha item type
      KAUAET KAUAET 07/04/2012 621.901 GRI/EN 3458 Books
free website counter